书目信息 |
| 题名: |
认识原子核
|
|
| 作者: | 郑仁蓉 , 朱顺泉 著 | |
| 分册: | ||
| 出版信息: | 上海 上海科技教育出版社 2001.01 |
|
| 页数: | 146页 | |
| 开本: | 18cm | |
| 丛书名: | 诺贝尔奖百年鉴 | |
| 单 册: | ||
| 中图分类: | O571-49 | |
| 科图分类: | ||
| 主题词: | 核物理学 , 高能物理学 | |
| 电子资源: | ||
| ISBN: | 7-5428-2464-3 | |
| 000 | 00772nam0 2200253 45 | |
| 001 | 0354788149 | |
| 005 | 2003022615130812 | |
| 010 | @a7-5428-2464-3@dRMB 8.00 | |
| 100 | @a20030226d2001 km y0chiy0120 ea | |
| 101 | 0 | @achi |
| 102 | @aCN@b310000 | |
| 200 | 1 | @a认识原子核@Aren shi yuan zi he@e核物理与放射化学@f郑仁蓉,朱顺泉著@Fzheng ren rong,zhu shun quan zhu |
| 210 | @a上海@c上海科技教育出版社@d2001.01 | |
| 215 | @a146页@d18cm | |
| 225 | 2 | @a诺贝尔奖百年鉴 |
| 410 | 0 | @12001 @a诺贝尔奖百年鉴 |
| 517 | @a核物理与放射化学@Ahe wu li yu fang she hua xue | |
| 606 | 0 | @a核物理学 |
| 606 | 0 | @a高能物理学 |
| 690 | @aO571-49@v3 | |
| 701 | 0 | @a郑仁蓉@Azheng ren rong@4著 |
| 701 | 0 | @a朱顺泉@Azhu shun quan@4著 |
| 801 | 0 | @aCN@bPFT@c20030226 |
| 905 | @dO571-49@eZ444 | |
| 认识原子核:核物理与放射化学/郑仁蓉,朱顺泉著.-上海:上海科技教育出版社,2001.01 |
| 146页;18cm.-(诺贝尔奖百年鉴) |
| ISBN 7-5428-2464-3:RMB 8.00 |
| ● |
| 相关链接 |
|
|
|
正题名:认识原子核
索取号:O571-49/Z444
 
预约/预借
| 序号 | 登录号 | 条形码 | 馆藏地/架位号 | 状态 | 备注 |
| 1 | 364441 | 203644413 | 自科库401/401自科库 89排1列3层/ [索取号:O571-49/Z444] | 在馆 | |
| 2 | 364442 | 203644422 | 自科库401/401自科库 89排1列3层/ [索取号:O571-49/Z444] | 在馆 | |
| 3 | 364443 | 203644431 | 自科库401/401自科库 89排1列3层/ [索取号:O571-49/Z444] | 在馆 |